| 000 | 04383nam a22007937a 4500 | ||
|---|---|---|---|
| 003 | AR-RoUNA | ||
| 005 | 20260416115356.0 | ||
| 008 | 260416b |||||||| |||| 00| 0 spa d | ||
| 020 | _a950-694-051-7 | ||
| 040 |
_aAR-RoUNA _bspa _dAR-RoUNA |
||
| 041 | _aspa | ||
| 044 | _aag | ||
| 245 | 1 | 0 |
_aConversaciones sobre la ciudad del tercer mundo _c/ Rosario Aguirre, Jacques Bugnicourt, Diego Carrión, Nora Clichevsky, Jean-Jacques Guibbert, Jorge E. Hardoy, Hilda Herzer, Pedro Jacobi, Elong Mbassi, Pedro Pírez, Alfredo Rodriguez, Abelardo Sánchez-León y Landing Sane |
| 250 | _a1a. ed. | ||
| 260 |
_aBuenos Aires, Argentina: _bGrupo Editor Latinoamericano SRL, _c1989 |
||
| 300 |
_a140 p.: _c20x13 cm. |
||
| 490 | _aEstudios Políticos y Sociales | ||
| 501 | _aEl Instituto Internacional de Medio Ambiente y Desarrollo -IIED- América Latina elaboró los materiales que se presentan en este libro, dividido en tres partes y una conclusión. La primera parte es una introducción que busca explicitar la problemática de la ciudad desde un punto de vista global, con el objeto de mostrar el significado y las consecuencias de los procesos de exclusión y segregación social que es necesario comprender, enfrentar y tratar de solucionar. La segunda parte es una reflexión acerca de la construcción de la ciudad y los actores sociales en ella involucrados. En la tercera se analiza el papel del Estado, los procesos de descentralización y el rol que juega el gobierno de la ciudad. Por último las notas finales intentan exponer cuáles son los caminos posibles para repensar la ciudad y guiar el futuro quehacer de los investigadores, los organizadores y los políticos en esta ardua materia. | ||
| 504 | _ap. 79 | ||
| 505 | 0 | _tINDICE | |
| 505 | 0 | _tPREFACIO | |
| 505 | 0 | _tINTRODUCCION | |
| 505 | 0 | _aLa ciudad una y múltiple. p. 23 | |
| 505 | 0 | _aPobreza y violencia en la ciudad. p. 30 | |
| 505 | 0 | _aLa ciudad y los niños. p. 32 | |
| 505 | 0 | _tLOS ACTORES SOCIALES Y LA CONSTRUCCION DE LA CIUDAD | |
| 505 | 0 | _aEl proceso de construcción a través del mercado"legal" y del mercado "ilegal". p. 44 | |
| 505 | 0 | _a El rol del estado como regulador de la actividad privada. p. 51 | |
| 505 | 0 | _aEl Estado como constructor de la ciudad. p. 51 | |
| 505 | 0 | _aEl Estado como subsidiador de sectores sociales. p. 53 | |
| 505 | 0 | _aLa producción y ocupación del suelo urbano. p. 56 | |
| 505 | 0 | _aLa construcción de los establecimientos industriales, comerciales y financieros. p. 64 | |
| 505 | 0 | _a La construcción de la vivienda. p. 75 | |
| 505 | 0 | _a El papel de la tecnología en la construcción de la ciudad. p. 75 | |
| 505 | 0 | _aEl financiamiento de la ciudad. p. 77 | |
| 505 | 0 | _tEL PODER LOCAL Y EL GOBIERNO DE LA CIUDAD | |
| 505 | 0 | _aLa vida política local y la construcción del a ciudad. p. 83 | |
| 505 | 0 | _a La lucha de los sectores populares por el espacio de la ciudad. p. 86 | |
| 505 | 0 | _aFormas de organización solidaria. p. 89 | |
| 505 | 0 | _a La cultura popular urbana. p. 92 | |
| 505 | 0 | _a Economía popular. p. 95 | |
| 505 | 0 | _a Los sectores populares y el gobierno local. p. 103 | |
| 505 | 0 | _a El clientelismo. ¿parte del problema o de la solución?. p. 104 | |
| 505 | 0 | _a La participación popular en el gobierno local. p. 109 | |
| 505 | 0 | _aREFLEXIONES FINALESLa participación popular y la construcción de la ciudad. p. 116 | |
| 505 | 0 | _a Crisis de Estado, la descentralización y lo local, la privatización y la exclusión. p. 119 | |
| 505 | 0 | _tREFLEXIONES FINALES | |
| 505 | 0 | _aAnexos. p. 135 | |
| 650 | 4 | _aUrbanismo | |
| 650 | 4 | _aCiudad | |
| 650 | 4 | _aTercer mundo | |
| 700 |
_aAguirre, Rosario _927683 |
||
| 700 |
_aBugnicourt, Jacques _927684 |
||
| 700 | 1 |
_aCarrión, Diego _927685 |
|
| 700 |
_95417 _aClichevsky, Nora |
||
| 700 |
_aGuibbert, Jean-Jacques _927686 |
||
| 700 |
_914107 _aHardoy, Jorge Enrique, _d1926-1993 |
||
| 700 |
_95434 _a Herzer, Hilda Maria |
||
| 700 |
_aJacobi, Pedro _927687 |
||
| 700 |
_aMbassi, Elong _927688 |
||
| 700 |
_aPirez, Pedro. _913879 |
||
| 700 |
_aRodríguez, Alfredo _927689 |
||
| 700 |
_aSánchez-León, Abelardo _927690 |
||
| 700 |
_aSane, Landing _927691 |
||
| 908 | _aImp | ||
| 942 |
_2udc _cLIB |
||
| 945 | _d2026-04-16 | ||
| 980 |
_65 _aMaría Machado _85 _gMaría Machado |
||
| 999 |
_c12389 _d12389 |
||